| 000 | 00810cam a22002651 4500 | ||
|---|---|---|---|
| 001 | sa 67002477 | ||
| 003 | DLC | ||
| 005 | 20260227112331.0 | ||
| 008 | 740919s1967 ii b 000 0 eng | ||
| 010 | _asa 67002477 | ||
| 025 | _aPL480:I-E-7727 | ||
| 035 | _a(OCoLC)1015372 | ||
| 040 |
_aDLC _cOTU _dOCoLC _dDLC |
||
| 042 | _apremarc | ||
| 050 | 0 | 0 |
_aJQ298.B5 _bJ5 |
| 082 | _a329.9/54 | ||
| 100 | 1 | _aJhangiani, Motilal A. | |
| 245 | 1 | 0 |
_aJana Sangh and Swatantra; _ba profile of the rightist parties in India _c[by] Motilal A. Jhangiani. |
| 260 |
_aBombay, _bManaktalas _c[1967] |
||
| 300 |
_axiv, 223 p. _c23 cm. |
||
| 500 | _a"Largely based on [the author's] original doctoral dissertation." | ||
| 504 | _aBibliography: p. 207-217. | ||
| 610 | 2 | 0 | _aBharatiya Jan Sangh. |
| 610 | 2 | 0 | _aSwatantra Party. |
| 999 |
_c73284 _d73284 |
||